Airlines At BOM (Mumbai CSMI Airport) 2021 - Statistics

General Stats
  • This quiz has been taken 110 times
    105 since last reset
  • The average score is 46 of 75
Answer Stats
From/To Answer % Correct
Indian Airline Air India
95%
Paris (Charles De Gaulle) Air France
90%
Dubai (International) Emirates
88%
London (Heathrow) British Airways
87%
Moscow (Sheremetyevo) Aeroflot
82%
New York (City-JFK) American
82%
Indian Airline IndiGo
82%
Toronto (Pearson) Air Canada
81%
Beijing (Capital) Air China
81%
East Asian Group, South-Eastern Asia, Indian Airline.. Kochi, Kuala Lumpur, Singapore, Bangkok, Jakarta, Denpasar (Bali) AirAsia
79%
Amsterdam KLM
79%
Seoul (Incheon) Korean Air
79%
New York (Newark-Liberty) United
79%
Doha Qatar Airways
78%
Singapore (Changi) Singapore Airlines
78%
Tokyo (Narita) ANA
77%
Bangkok (Suvarnabhumi), Bangkok (Don Mueang) Thai Airways
77%
Addis Ababa Ethiopian
75%
Rome (Fiumicino Leonardo Da Vinci), Milan (Malpensa) Alitalia
74%
Hong Kong Cathay Pacific
74%
Frankfurt, Munich Lufthansa
74%
Jeddah, Medina, Dammam, Riyadh Saudia
74%
Cairo EgyptAir
73%
Port Louis (Plaisance) Air Mauritius
71%
Jakarta (Seokarno-Hatta) Garuda Indonesia
71%
Abu Dhabi Etihad Airways
70%
Sharjah Air Arabia
69%
Tel Aviv (Jerusalem-Ben Gurion) El Al
69%
Muscat Oman Air
69%
Madrid Iberia
68%
Colombo SriLankan Airlines
68%
Almaty, Astana (Nur-Sultan) Air Astana
66%
Seoul (Incheon) Asiana
66%
Dubai (International) FlyDubai
65%
Istanbul (New Havalimani) Turkish Airlines
65%
Manama (Muharraq) Gulf Air
64%
Tehran, Najaf Iran Air
64%
Kuala Lumpur (International) Malaysia Airlines
64%
Kuwait City Kuwait Airways
62%
Dar Es Salaam, Lusaka Air Tanzania
61%
Brussels Brussels Airlines
61%
Kathmandu Nepal Airlines
61%
London (Heathrow) Virgin Atlantic
61%
Indian Airline Vistara
61%
Nairobi (Jotto-Kenyatta), Mombasa Kenya Airways
60%
Warsaw (Chopin) LOT Polish
60%
Amman Royal Jordanian
60%
Taipei (Taiwan-Taoyuan) EVA Air
58%
Islamabad, Karachi, Lahore Pakistan International Airlines
57%
Ho Chi Minh City Vietnam Airlines
57%
Indian Airline GoAir
56%
Indian Airline Jet Airways
56%
Indian Airline SpiceJet
56%
Paro, Kolkata DrukAir
53%
Baghdad Iraqi Airways
53%
Jakarta, Bangkok Lion Air
53%
New York (City-JFK), New York (Newark-Liberty) Delta Air Lines
51%
Lisbon TAP Portugal
51%
Mahe Air Seychelles
49%
Paro, Kolkata, Yangon Bhutan Airlines
44%
Kigali, Guangzhou RwandAir
44%
Tashkent Uzbekistan Airways
44%
Hanoi, Ho Chi Minh City VietJet
44%
Kuwait City Jazeera Airways
43%
Sana'a, Aden Yemenia
43%
Beirut Middle East Airlines
42%
Maputo Lam Mozambique
38%
Paris (Charles De Gaulle) Air Austral
36%
Male Maldivian
35%
Kuala Lumpur (International) Malindo Air
34%
Koh Samui Bangkok Airways
29%
Moscow (Sheremetyevo) Ural Airlines
29%
Lisbon Euroatlantic Airways
21%
Male Mega Maldives
21%
Geneva, Zurich Swiss Int'l Air
21%
No matching quizzes found
Score Distribution
Percent of People with Each Score
Percentile by Number Answered
Your Score History
You have not taken this quiz since the last reset